Vista normal
Vista MARC
Entrada Nombre Geográfico
Número de registros utilizados en: 1
001 - CONTROL NUMBER
- control field: 27695
003 - CONTROL NUMBER IDENTIFIER
- control field: AR-RoUNA
005 - DATE AND TIME OF LATEST TRANSACTION
- control field: 20260422091550.0
008 - FIXED-LENGTH DATA ELEMENTS
- fixed length control field: 260422|| aca||aabn | a|a d
040 ## - CATALOGING SOURCE
- Original cataloging agency: AR-RoUNA
- Transcribing agency: AR-RoUNA
151 ## - HEADING--GEOGRAPHIC NAME
- Geographic name: Planificación territorial
670 ## - SOURCE DATA FOUND
- Source citation: Work cat.: (AR-RoUNA)12394: España. Ayuntamiento de Barcelona. Ámbito de Descentralización y Relaciones Ciudadanas. Dirección de servicios de Participación. 27694, Orgnización territorial y participación ciudadana en Barcelona., 1993.